Statistics for Brooklyn Nets All-Time Starting 5

Click here to take the quiz!

General Stats

  • This quiz has been taken 66 times
  • The average score is 3 of 7

Answer Stats

PositionPlayer% Correct
PGJason Kidd
93%
SFJulius Erving
68%
CBuck Williams
46%
6th ManVince Carter
46%
PFDerrick Coleman
21%
CoachLarry Brown
7%
SGRick Barry
4%

Score Distribution

Percentile by Number Answered

Percent of People with Each Score

Your Score History

You have not taken this quiz